| 000 | 00981nam a2200253 i 4500 | ||
|---|---|---|---|
| 001 | bg | ||
| 100 | 1 | _aSKARŻYŃSKA, Aldona | |
| 245 | 1 | 0 |
_aKoszty jednostkowe i dochodowość produkcji rolniczej w gospodarstwach indywidualnych w 2001 roku / _cAldona Skarżyńska, Irena Augustyńska-Grzymek ; Instytut Ekonomiki Rolnictwa i Gospodarki Żywnościowej. |
| 260 |
_aWarszawa : _bIERiGŻ, _c2002. |
||
| 300 |
_a61, [1] s. : _bil. ; _c30 cm. |
||
| 650 | 9 |
_aGospodarstwo rolne _xekonomika _zPolska _yod 2001 r. |
|
| 650 | 9 |
_aKoszty _xrolnictwo _zPolska _yod 2001 r. |
|
| 650 | 9 |
_aProdukcja _xrolnictwo _zPolska _yod 2001 r. |
|
| 700 | 1 | _aAUGUSTYŃSKA-GRZYMEK, Irena | |
| 710 | 0 | _aInstytut Ekonomiki Rolnictwa i Gospodarki Żywnościowej (Warszawa) | |
| 015 | _aPB 7329/2003 | ||
| 020 | _a8386815833 | ||
| 040 | _cBPK | ||
| 041 | 0 | _apol | |
| 080 | _a631.115.1:631.16](438)"2001/..."(083.41) | ||
| 920 | _a83-86815-83-3 | ||
| 942 | _cKS | ||
| 008 | s pl f |000 0 pol | ||
| 999 |
_c35429 _d35429 |
||
| 856 |
_uhttp://koha.tu.koszalin.pl/cgi-bin/koha/opac-detail.pl?biblionumber=35429 _yKatalog online BPK |
||